Mayenne - mort subite - Statistiques

Statistiques générales
  • Ce quiz a été pris 45 fois
  • Le résultat moyen est 12 sur 18
Answers on the Grid
Answers color-coded by a green-red scale on the quiz's grid according to % correct below.
Laval
Le lieu d'origine de la mayonnaise
Le Mans
Sainte-Suzanne-et-Chammes
La ville de Mayenne
Une rivière qui s'appelle la Mayenne
Lashio
Angers
Forcé
Une frontière avec la Normandie
Évreux
La Loire
Des couleuvres d'Esculape
Neau
Boissy-sans-Avoir
Mazyr
Bar
Des salamandres
Lassay-les-Châteaux
Soleure
Château-Gontier-sur-Mayenne
Marolles-en-Hurepoix
Dornbirn
Saint-Berthevin
Évron
Rivesaltes
Saulges
Villaines-la-Juhel
Baia Mare
Port au Père
Changé
Quaregnon
Semeï
Une frontière avec la Brétagne
Craon
Combs-la-Ville
 
Statistiques - réponses
Réponse % Correct
Laval
100%
La ville de Mayenne
89%
Une rivière qui s'appelle la Mayenne
86%
Sainte-Suzanne-et-Chammes
81%
Une frontière avec la Normandie
78%
Château-Gontier-sur-Mayenne
76%
Évron
76%
Forcé
76%
Changé
73%
Craon
73%
Saint-Berthevin
70%
Une frontière avec la Brétagne
70%
Villaines-la-Juhel
65%
Neau
57%
Lassay-les-Châteaux
51%
Saulges
51%
Serpent Des couleuvres d'Esculape
38%
Des salamandres
32%
Aucun quiz correspondant
Distribution des résultats
% des personnes avec chaque résultat
Percentile par nombre de réponses
Votre historique - résultats
Vous n’avez pas pris ce quiz